[Event "WinterChess sub 2200 enero 2013"]
[Site "Palma de Mallorca ESP"]
[Date "2013.01.19"]
[Round "9.9"]
[White "Vich Ramirez, Carles"]
[Black "Asensio Ramos, Enrique Fernando"]
[Result "1-0"]
[WhiteElo "2126"]
[BlackElo "1904"]
[PlyCount "59"]
[EventDate "2013.01.12"]
[EventType "swiss"]
[EventRounds "9"]
[EventCountry "ESP"]
[Source "lmi"]
[SourceDate "2013.01.12"]

1. e4 Nf6 2. d3 e5 3. f4 d5 4. exd5 Bc5 5. fxe5 Ng4 6. d4 Qxd5 7. Nf3 Bb4+ 8.
c3 Ba5 9. h3 Nh6 10. Bxh6 gxh6 11. Nbd2 c5 12. Bc4 Qc6 13. d5 Qg6 14. Qa4+ Bd7
15. Qxa5 Qg3+ 16. Kd1 b6 17. Qa3 Qxg2 18. Rh2 Qg3 19. Be2 Qf4 20. Qb3 Bf5 21.
Qc4 Qg3 22. Ne4 Bxe4 23. Qxe4 Nd7 24. Kc2 Qg7 25. Rg1 Qf8 26. e6 fxe6 27. dxe6
O-O-O 28. exd7+ Rxd7 29. Qa8+ Kc7 30. Qxf8 1-0

[Event "WinterChess sub 2200 enero 2013"]
[Site "Palma de Mallorca ESP"]
[Date "2013.01.19"]
[Round "9.10"]
[White "Bergas Ferriol, Jeronimo"]
[Black "Fiol Company, Juan"]
[Result "0-1"]
[WhiteElo "2050"]
[BlackElo "1935"]
[PlyCount "84"]
[EventDate "2013.01.12"]
[EventType "swiss"]
[EventRounds "9"]
[EventCountry "ESP"]
[Source "lmi"]
[SourceDate "2013.01.12"]

1. d4 c5 2. Nf3 cxd4 3. Nxd4 Nf6 4. c4 g6 5. g3 Bg7 6. Bg2 O-O 7. O-O Nc6 8. e4
Nxd4 9. Qxd4 d6 10. Nc3 a6 11. h3 Be6 12. Qd3 Qc8 13. Re1 Bxh3 14. Bg5 Bxg2 15.
Kxg2 Qe6 16. Rac1 Rac8 17. b3 Rc5 18. Nd5 Rfc8 19. Bxf6 Bxf6 20. f4 b5 21. Ne3
bxc4 22. Rxc4 Rxc4 23. Nxc4 Rc5 24. Re2 Rh5 25. Kf3 Qh3 26. Rg2 Qh1 27. Nb6 a5
28. Nd5 Rh2 29. Qe2 h5 30. Ne3 Bd4 31. Nf1 Rh3 32. e5 dxe5 33. Ke4 f5+ 34. Kd5
Ba1 35. Ke6 exf4 36. Kxe7 Kh7 37. gxf4 Bg7 38. Kd8 Rc3 39. Ne3 Rxe3 40. Qxe3
Qxg2 41. Kd7 Qd5+ 42. Kc7 Qd4 0-1

[Event "WinterChess sub 2200 enero 2013"]
[Site "Palma de Mallorca ESP"]
[Date "2013.01.19"]
[Round "9.11"]
[White "Valls Casas, Jordi"]
[Black "Oliver Amengual, Adria"]
[Result "1-0"]
[WhiteElo "2030"]
[BlackElo "1931"]
[PlyCount "75"]
[EventDate "2013.01.12"]
[EventType "swiss"]
[EventRounds "9"]
[EventCountry "ESP"]
[Source "lmi"]
[SourceDate "2013.01.12"]

1. d4 Nf6 2. Nf3 e6 3. c4 b6 4. Nc3 Bb4 5. Qc2 Bb7 6. Bg5 h6 7. Bh4 g5 8. Bg3
Ne4 9. Nd2 Bxc3 10. bxc3 Nxd2 11. Qxd2 d6 12. f3 f5 13. e3 Nd7 14. h4 Qf6 15.
a4 a5 16. hxg5 hxg5 17. Rxh8+ Qxh8 18. e4 f4 19. Bf2 Qf8 20. Qa2 Qe7 21. Qb3
Rb8 22. Bd3 e5 23. O-O-O Bc8 24. Rh1 Kf8 25. c5 Kg7 26. cxd6 cxd6 27. g3 fxg3
28. Bxg3 Bb7 29. Bb5 Nf6 30. dxe5 dxe5 31. c4 Rh8 32. Rxh8 Kxh8 33. Qc3 Nd7 34.
Bxd7 Qxd7 35. Qxe5+ Qg7 36. Qe8+ Kh7 37. Be5 Qh6 38. Qf7+ 1-0

[Event "WinterChess sub 2200 enero 2013"]
[Site "Palma de Mallorca ESP"]
[Date "2013.01.19"]
[Round "9.12"]
[White "Perez Prieto, German"]
[Black "Martinez Vicario, Jose Maria"]
[Result "0-1"]
[WhiteElo "1839"]
[BlackElo "2131"]
[PlyCount "64"]
[EventDate "2013.01.12"]
[EventType "swiss"]
[EventRounds "9"]
[EventCountry "ESP"]
[Source "lmi"]
[SourceDate "2013.01.12"]

1. Nf3 f5 2. d4 Nf6 3. c4 g6 4. Nc3 Bg7 5. g3 O-O 6. Bg2 d6 7. O-O c6 8. b4 h6
9. Qb3 Na6 10. b5 Nc7 11. bxc6 bxc6 12. Nh4 Qe8 13. Nb5 cxb5 14. Bxa8 Nxa8 15.
cxb5+ Kh7 16. a4 Nc7 17. Bb2 Be6 18. Qc2 Ncd5 19. Rfc1 Qb8 20. f3 Ne3 21. Qc7
Nfd5 22. Qxb8 Rxb8 23. Ng2 Nxg2 24. Kxg2 f4 25. gxf4 Nxf4+ 26. Kf2 a6 27. Bc3
axb5 28. Rcb1 b4 29. Rxb4 Rxb4 30. a5 Rc4 31. Ra3 Rxc3 32. Rxc3 Bxd4+ 0-1

[Event "WinterChess sub 2200 enero 2013"]
[Site "Palma de Mallorca ESP"]
[Date "2013.01.19"]
[Round "9.13"]
[White "Prill, Gerhard"]
[Black "Ballester Cladera, Antonio"]
[Result "1-0"]
[WhiteElo "2056"]
[BlackElo "1787"]
[PlyCount "65"]
[EventDate "2013.01.12"]
[EventType "swiss"]
[EventRounds "9"]
[EventCountry "ESP"]
[Source "lmi"]
[SourceDate "2013.01.12"]

1. e4 c5 2. Nf3 Nc6 3. d4 cxd4 4. Nxd4 e5 5. Nb5 a6 6. Nd6+ Bxd6 7. Qxd6 Qf6 8.
Qc7 Qg6 9. Nc3 Nf6 10. Be3 O-O 11. Bc5 Re8 12. Bd3 Qxg2 13. O-O-O Qh3 14. Rdg1
d6 15. Bxd6 Qd7 16. h3 Qxc7 17. Bxc7 Be6 18. f4 exf4 19. Bxf4 Rac8 20. a3 b5
21. Kd2 b4 22. Ne2 bxa3 23. bxa3 Na5 24. Bg5 Nc4+ 25. Ke1 Nd7 26. Bc1 Nde5 27.
Kf2 Red8 28. Nf4 Nxd3+ 29. cxd3 Ne5 30. Ke3 Nc6 31. Bb2 g6 32. Rc1 Ne5 33. Bxe5
1-0

[Event "WinterChess sub 2200 enero 2013"]
[Site "Palma de Mallorca ESP"]
[Date "2013.01.19"]
[Round "9.14"]
[White "Schenk Papke, Andres"]
[Black "Gutierrez Renedo, Manuel"]
[Result "1-0"]
[WhiteElo "2046"]
[BlackElo "1747"]
[PlyCount "81"]
[EventDate "2013.01.12"]
[EventType "swiss"]
[EventRounds "9"]
[EventCountry "ESP"]
[Source "lmi"]
[SourceDate "2013.01.12"]

1. e4 e5 2. d4 exd4 3. Nf3 Nc6 4. c3 dxc3 5. Bc4 h6 6. Nxc3 Bb4 7. O-O Bxc3 8.
bxc3 Qf6 9. e5 Qg6 10. Nd4 Nxd4 11. cxd4 Ne7 12. Ba3 c6 13. f4 Qe4 14. f5 Qe3+
15. Kh1 Qxa3 16. f6 gxf6 17. Rxf6 Nd5 18. Qh5 Rf8 19. Rf3 Qe7 20. Qxh6 b5 21.
Bd3 Bb7 22. Raf1 O-O-O 23. a4 a6 24. axb5 cxb5 25. Be4 Qe6 26. Qc1+ Kb8 27. Qa3
Rc8 28. h3 Rc4 29. Qxf8+ Ka7 30. Rxf7 Rxd4 31. Qc5+ Qb6 32. Qxb6+ Kxb6 33. Bf3
Ne3 34. Re1 Bxf3 35. Rxf3 Nc4 36. e6 dxe6 37. Rxe6+ Rd6 38. Rxd6+ Nxd6 39. g4
b4 40. g5 Ne4 41. g6 1-0

[Event "WinterChess sub 2200 enero 2013"]
[Site "Palma de Mallorca ESP"]
[Date "2013.01.19"]
[Round "9.15"]
[White "Orcera Gomez, Francisco"]
[Black "Crespi Lopez, Juan"]
[Result "0-1"]
[WhiteElo "1783"]
[BlackElo "1972"]
[PlyCount "48"]
[EventDate "2013.01.12"]
[EventType "swiss"]
[EventRounds "9"]
[EventCountry "ESP"]
[Source "lmi"]
[SourceDate "2013.01.12"]

1. e4 c5 2. Nf3 Nc6 3. d4 cxd4 4. Nxd4 Nf6 5. Nc3 e5 6. Nb3 Bb4 7. f3 d5 8.
exd5 Nxd5 9. Bd2 Nxc3 10. bxc3 Bd6 11. Bd3 Qh4+ 12. g3 Qh3 13. Bf1 Qe6 14. Qe2
O-O 15. Bg2 Qg6 16. Rc1 Ba3 17. Rd1 Qxc2 18. Nc1 Bxc1 19. Rxc1 Qxa2 20. O-O Be6
21. Qe3 Rad8 22. Be1 Bc4 23. Rf2 Qa3 24. f4 Rd3 0-1

[Event "WinterChess sub 2200 enero 2013"]
[Site "Palma de Mallorca ESP"]
[Date "2013.01.19"]
[Round "9.16"]
[White "Trillo-Figueroa Vidal, Antonio"]
[Black "Gallardo Pina, Neus"]
[Result "0-1"]
[WhiteElo "1743"]
[BlackElo "1891"]
[PlyCount "68"]
[EventDate "2013.01.12"]
[EventType "swiss"]
[EventRounds "9"]
[EventCountry "ESP"]
[Source "lmi"]
[SourceDate "2013.01.12"]

1. e4 c5 2. Nc3 Nc6 3. f4 d6 4. Nf3 g6 5. Bc4 h6 6. O-O Bg7 7. d3 Nf6 8. Qe1
Bg4 9. Be3 O-O 10. Nh4 Nh7 11. Nxg6 Re8 12. Nh4 Nb4 13. Bb3 Bd7 14. a3 Nc6 15.
Nf3 e6 16. Qh4 Nd4 17. Qxd8 Nxf3+ 18. Rxf3 Raxd8 19. Raf1 Nf6 20. h3 Kh7 21. e5
Ng8 22. exd6 b6 23. Bc1 Bc6 24. Rg3 Rxd6 25. Ne4 Rd7 26. c3 Ne7 27. Bc2 Rg8 28.
h4 f5 29. Nf2 Rdd8 30. h5 Bf6 31. Nh1 Bh4 32. Rxg8 Rxg8 33. g3 Bxg3 34. Bd1
Bxf4+ 0-1

[Event "WinterChess sub 2200 enero 2013"]
[Site "Palma de Mallorca ESP"]
[Date "2013.01.19"]
[Round "9.17"]
[White "Jaume Pons, Antonio"]
[Black "Figuerola Campins, Antonio"]
[Result "0-1"]
[WhiteElo "1716"]
[BlackElo "1889"]
[PlyCount "74"]
[EventDate "2013.01.12"]
[EventType "swiss"]
[EventRounds "9"]
[EventCountry "ESP"]
[Source "lmi"]
[SourceDate "2013.01.12"]

1. e4 g6 2. d4 Bg7 3. Nf3 d6 4. Bc4 Nf6 5. Nc3 O-O 6. O-O c6 7. Re1 b5 8. Bb3
b4 9. e5 dxe5 10. dxe5 bxc3 11. exf6 Bxf6 12. Bg5 cxb2 13. Bxf6 bxa1=Q 14. Bxa1
Qxd1 15. Rxd1 Bg4 16. Rd3 Bxf3 17. Rxf3 Nd7 18. Bd4 Nb6 19. h4 e6 20. h5 Nd5
21. c4 Nb6 22. Bf6 a5 23. a4 Nd7 24. Be7 Rfe8 25. Bd6 f5 26. Rg3 Kg7 27. f4 Nf6
28. Be5 Kf7 29. h6 Ne4 30. Re3 c5 31. g4 Red8 32. gxf5 exf5 33. Re2 Rd2 34.
Rxd2 Nxd2 35. Ba2 Nf3+ 36. Kf2 Nxe5 37. fxe5 Rd8 0-1

[Event "WinterChess sub 2200 enero 2013"]
[Site "Palma de Mallorca ESP"]
[Date "2013.01.19"]
[Round "9.18"]
[White "Rubert Alfonso, Victor"]
[Black "Moya Pol, Antonio"]
[Result "0-1"]
[WhiteElo "1591"]
[BlackElo "1854"]
[PlyCount "68"]
[EventDate "2013.01.12"]
[EventType "swiss"]
[EventRounds "9"]
[EventCountry "ESP"]
[Source "lmi"]
[SourceDate "2013.01.12"]

1. e4 c5 2. Nf3 d6 3. d4 cxd4 4. Nxd4 Nf6 5. Nc3 a6 6. Bc4 e6 7. O-O b5 8. Bd3
Be7 9. Re1 O-O 10. Nf3 b4 11. Ne2 e5 12. c3 a5 13. cxb4 axb4 14. Bd2 Qb6 15.
Qb3 Nc6 16. Rec1 Be6 17. Qc2 Rfc8 18. Qd1 Ng4 19. Qe1 Bxa2 20. h3 Nf6 21. Be3
Qb7 22. Nd2 Be6 23. f4 exf4 24. Nxf4 Ne5 25. Be2 Rxa1 26. Rxa1 Ra8 27. Rxa8+
Qxa8 28. Qb1 h6 29. Bd4 Qb7 30. Nxe6 fxe6 31. Bxe5 dxe5 32. Bc4 Kh7 33. Bxe6
Qb6+ 34. Kh1 Qxe6 0-1

[Event "WinterChess sub 2200 enero 2013"]
[Site "Palma de Mallorca ESP"]
[Date "2013.01.19"]
[Round "9.19"]
[White "Caliz Morales, Felipe"]
[Black "Nadal Tur, Antonio"]
[Result "1-0"]
[WhiteElo "1838"]
[BlackElo "1706"]
[PlyCount "73"]
[EventDate "2013.01.12"]
[EventType "swiss"]
[EventRounds "9"]
[EventCountry "ESP"]
[Source "lmi"]
[SourceDate "2013.01.12"]

1. Nf3 Nf6 2. g3 d5 3. c4 c6 4. b3 dxc4 5. bxc4 g6 6. Bb2 Bg7 7. Bg2 Qb6 8. Qb3
Nbd7 9. O-O Nc5 10. Qc2 Bg4 11. Nc3 Bxf3 12. Bxf3 Ne6 13. e3 O-O 14. Rab1 Qc7
15. d4 Ng5 16. Bg2 h5 17. h4 Ngh7 18. Ne4 Ng4 19. Bc3 Nhf6 20. Nc5 b6 21. Nd3
Rac8 22. Qb3 Nxe3 23. fxe3 Qxg3 24. Be1 Qxe3+ 25. Bf2 Qe6 26. Rbe1 Qd6 27. c5
Qc7 28. Ne5 Qb8 29. Nxg6 Ng4 30. Bg3 Bxd4+ 31. Kh1 e5 32. Ne7+ Kg7 33. Nf5+ Kg8
34. Nxd4 Qb7 35. Nf5 Rcd8 36. cxb6 axb6 37. Qc3 1-0

[Event "WinterChess sub 2200 enero 2013"]
[Site "Palma de Mallorca ESP"]
[Date "2013.01.19"]
[Round "9.20"]
[White "Serra Canaves, Antonio"]
[Black "Nadal Bestard, Sebastia"]
[Result "0-1"]
[WhiteElo "1731"]
[BlackElo "1852"]
[PlyCount "34"]
[EventDate "2013.01.12"]
[EventType "swiss"]
[EventRounds "9"]
[EventCountry "ESP"]
[Source "lmi"]
[SourceDate "2013.01.12"]

1. e4 d5 2. exd5 Qxd5 3. Nc3 Qd6 4. Bc4 Nf6 5. Nf3 a6 6. O-O b5 7. Be2 Bb7 8.
a3 Ng4 9. g3 h5 10. d4 e6 11. Bf4 Qc6 12. Qd3 h4 13. Rad1 hxg3 14. Bxg3 Rh5 15.
b4 Nd7 16. Nb1 O-O-O 17. Qb3 Bd6 0-1

[Event "WinterChess sub 2200 enero 2013"]
[Site "Palma de Mallorca ESP"]
[Date "2013.01.19"]
[Round "9.21"]
[White "Alcover Balaguer, Jordi"]
[Black "Gimenez Garcia, Emilio"]
[Result "1/2-1/2"]
[WhiteElo "1736"]
[BlackElo "1840"]
[PlyCount "49"]
[EventDate "2013.01.12"]
[EventType "swiss"]
[EventRounds "9"]
[EventCountry "ESP"]
[Source "lmi"]
[SourceDate "2013.01.12"]

1. d4 d5 2. c4 e6 3. Nf3 Nf6 4. Nc3 Nbd7 5. cxd5 exd5 6. e3 c6 7. Bd2 Bd6 8.
Bd3 h6 9. Rc1 Qe7 10. O-O Nf8 11. e4 dxe4 12. Nxe4 Nxe4 13. Bxe4 Bd7 14. d5
cxd5 15. Bxd5 Ne6 16. Re1 O-O 17. Ne5 Bxe5 18. Rxe5 Qd6 19. Bc3 Bc6 20. Bxe6
Qxd1+ 21. Rxd1 fxe6 22. Rxe6 Rad8 23. Rdd6 Rxd6 24. Rxd6 Rf7 25. f3 1/2-1/2

[Event "WinterChess sub 2200 enero 2013"]
[Site "Palma de Mallorca ESP"]
[Date "2013.01.19"]
[Round "9.23"]
[White "Dominguez Marquez, Juan Carlos"]
[Black "Cristea, Adrian"]
[Result "0-1"]
[WhiteElo "1738"]
[BlackElo "1582"]
[PlyCount "53"]
[EventDate "2013.01.12"]
[EventType "swiss"]
[EventRounds "9"]
[EventCountry "ESP"]
[Source "lmi"]
[SourceDate "2013.01.12"]

1. e4 d5 2. exd5 Qxd5 3. Nc3 Qa5 4. d4 e6 5. Nf3 Nf6 6. Bd2 c6 7. Bc4 Qc7 8.
Qe2 Be7 9. O-O b5 10. Bb3 a5 11. a4 b4 12. Ne4 Nbd7 13. Rfe1 O-O 14. Neg5 Nd5
15. Nxe6 fxe6 16. Qxe6+ Rf7 17. Bxd5 cxd5 18. Qxd5 Nb6 19. Qb3 Qc4 20. Qe3 Qd5
21. Ne5 Bb7 22. f3 Nc4 23. Nxc4 Qxc4 24. c3 b3 25. Qf2 Raf8 26. f4 Qd5 27. Re5
0-1

[Event "WinterChess sub 2200 enero 2013"]
[Site "Palma de Mallorca ESP"]
[Date "2013.01.19"]
[Round "9.24"]
[White "Rodriguez Bennassar, Miquel A"]
[Black "Terradas Calafell, Jaume"]
[Result "0-1"]
[WhiteElo "1452"]
[BlackElo "1784"]
[PlyCount "28"]
[EventDate "2013.01.12"]
[EventType "swiss"]
[EventRounds "9"]
[EventCountry "ESP"]
[Source "lmi"]
[SourceDate "2013.01.12"]

1. d4 Nf6 2. Nf3 c5 3. g3 cxd4 4. Bg2 e5 5. Nxe5 Qa5+ 6. Bd2 Qxe5 7. O-O Bc5 8.
Kh1 O-O 9. f4 Qh5 10. Bf3 Qf5 11. Kg2 d5 12. Kh1 Qh3 13. c3 Ne4 14. cxd4 Nxg3+
0-1

[Event "WinterChess sub 2200 enero 2013"]
[Site "Palma de Mallorca ESP"]
[Date "2013.01.19"]
[Round "9.25"]
[White "Carranza Pons, Ricardo Nelson"]
[Black "Garcia Comendador, Simon"]
[Result "0-1"]
[WhiteElo "1741"]
[BlackElo "1643"]
[PlyCount "108"]
[EventDate "2013.01.12"]
[EventType "swiss"]
[EventRounds "9"]
[EventCountry "ESP"]
[Source "lmi"]
[SourceDate "2013.01.12"]

1. d4 d5 2. Bf4 h6 3. e3 Nd7 4. Nf3 Ngf6 5. h3 Nb6 6. Nbd2 Bf5 7. Ne5 g5 8. Bh2
Bg7 9. g4 Bh7 10. Bd3 Bxd3 11. cxd3 c6 12. Rc1 a5 13. Nb3 Nfd7 14. Nxd7 Nxd7
15. Nc5 Nxc5 16. Rxc5 Qb6 17. Qc2 a4 18. Ke2 O-O 19. Rb1 f6 20. b4 e5 21. b5
Ra5 22. bxc6 Rxc5 23. dxc5 Qxc6 24. Rb6 Qc7 25. d4 Qd7 26. Qb2 Rf7 27. Rd6 Qe7
28. Qb6 exd4 29. Re6 Qd7 30. Rd6 Qe7 31. Re6 Qf8 32. Bd6 Qc8 33. Bg3 dxe3 34.
fxe3 f5 35. gxf5 Rxf5 36. Rd6 Rf8 37. Rg6 Qf5 38. Qe6+ Qxe6 39. Rxe6 Rc8 40.
Rb6 Rxc5 41. a3 Rc2+ 42. Kf3 Rb2 43. Rd6 Bf8 44. Rd8 Kf7 45. Rxd5 Bxa3 46. Ra5
b5 47. Ra7+ Kg6 48. Ra6+ Kh5 49. Be5 Rd2 50. Bg7 Rd6 51. Ra8 Rg6 52. Bd4 g4+
53. hxg4+ Rxg4 54. Ra6 Bf8 0-1

[Event "WinterChess sub 2200 enero 2013"]
[Site "Palma de Mallorca ESP"]
[Date "2013.01.19"]
[Round "9.26"]
[White "Rubert Cabrillana, Antonio"]
[Black "Coll Verger, Amador"]
[Result "0-1"]
[WhiteElo "1297"]
[BlackElo "1712"]
[PlyCount "39"]
[EventDate "2013.01.12"]
[EventType "swiss"]
[EventRounds "9"]
[EventCountry "ESP"]
[Source "lmi"]
[SourceDate "2013.01.12"]

1. e4 d5 2. e5 Bf5 3. d4 e6 4. Bd3 Bxd3 5. Qxd3 Nc6 6. Nf3 Qd7 7. O-O O-O-O 8.
Nc3 Nb4 9. Qe2 c5 10. Be3 cxd4 11. Bxd4 Kb8 12. a3 Nc6 13. b4 Rc8 14. Nb5 a6
15. Nd6 Nxd4 16. Nxd4 Bxd6 17. exd6 Qxd6 18. Rfd1 Nf6 19. Rac1 Ne4 20. Rd3 0-1

[Event "WinterChess sub 2200 enero 2013"]
[Site "Palma de Mallorca ESP"]
[Date "2013.01.19"]
[Round "9.27"]
[White "Abrines Sampol, Lorenzo"]
[Black "Rossello Sanchez, Bartolome"]
[Result "1-0"]
[WhiteElo "1701"]
[BlackElo "1345"]
[PlyCount "57"]
[EventDate "2013.01.12"]
[EventType "swiss"]
[EventRounds "9"]
[EventCountry "ESP"]
[Source "lmi"]
[SourceDate "2013.01.12"]

1. e4 e5 2. f4 d6 3. d4 exd4 4. Qxd4 c5 5. Qd1 a6 6. Bc4 b5 7. Bd5 Ra7 8. Nf3
h6 9. O-O Rd7 10. Re1 Be7 11. a4 b4 12. c4 Nf6 13. e5 Nxd5 14. Qxd5 dxe5 15.
Qxe5 Bb7 16. Qxg7 Rf8 17. Ne5 Rd1 18. Qg3 Nc6 19. Be3 Bh4 20. Nxc6 Rxe1+ 21.
Qxe1 Bxe1 22. Nxd8 Kxd8 23. Nd2 Bxd2 24. Bxd2 Kc8 25. Be3 Rg8 26. g3 Rg6 27.
Bxc5 Rc6 28. Bxb4 Rxc4 29. Bc3 1-0

[Event "WinterChess sub 2200 enero 2013"]
[Site "Palma de Mallorca ESP"]
[Date "2013.01.19"]
[Round "9.28"]
[White "Castell Cantero, Jose Juan"]
[Black "Ramis Sebastia, Jordi Salvador"]
[Result "0-1"]
[WhiteElo "1530"]
[BlackElo "1696"]
[PlyCount "40"]
[EventDate "2013.01.12"]
[EventType "swiss"]
[EventRounds "9"]
[EventCountry "ESP"]
[Source "lmi"]
[SourceDate "2013.01.12"]

1. d4 Nf6 2. c4 g6 3. Nc3 Bg7 4. e4 d6 5. Bd3 O-O 6. Nge2 e5 7. d5 a5 8. f3
Nbd7 9. g4 Nc5 10. Bc2 c6 11. h4 h5 12. gxh5 Nxh5 13. f4 exf4 14. Nxf4 Nxf4 15.
Bxf4 Re8 16. h5 Bxc3+ 17. bxc3 Nxe4 18. Qd4 Ng3+ 19. Kd1 Bg4+ 20. Kc1 Ne2+ 0-1

[Event "WinterChess sub 2200 enero 2013"]
[Site "Palma de Mallorca ESP"]
[Date "2013.01.19"]
[Round "9.30"]
[White "Porcel Jimenez, Ramon"]
[Black "Alemany Ramon, Angel"]
[Result "1-0"]
[WhiteElo "1447"]
[BlackElo "1394"]
[PlyCount "97"]
[EventDate "2013.01.12"]
[EventType "swiss"]
[EventRounds "9"]
[EventCountry "ESP"]
[Source "lmi"]
[SourceDate "2013.01.12"]

1. d4 Nf6 2. c4 g6 3. Nc3 Bg7 4. e4 d6 5. Nf3 Nbd7 6. Bf4 O-O 7. Be2 c5 8. d5
Qa5 9. O-O Nh5 10. Bd2 Qd8 11. Qc1 Re8 12. Bd1 a6 13. Ne2 e5 14. Ng3 Nxg3 15.
fxg3 f6 16. Kh1 Rb8 17. b3 b5 18. Rb1 b4 19. Be2 a5 20. Qe1 Nb6 21. Ng1 Bd7 22.
Qd1 a4 23. Bg4 axb3 24. axb3 Ra8 25. Bxd7 Nxd7 26. Ra1 Ra3 27. Nh3 Qb6 28. Qc2
Rea8 29. Qb2 R8a6 30. Rxa3 bxa3 31. Qa2 h6 32. Nf2 Ra7 33. Ra1 f5 34. Qc2 f4
35. Ra2 fxg3 36. hxg3 Nb8 37. Nd1 Qd8 38. Nc3 Qf6 39. Be3 Qf1+ 40. Kh2 Rf7 41.
Rxa3 Qe1 42. Bg1 Rf1 43. Ne2 Bf6 44. Ra8 Bh4 45. Rxb8+ Kg7 46. Qd3 Rxg1 47.
Nxg1 Bxg3+ 48. Qxg3 Qxg3+ 49. Kxg3 1-0